UBT Library

MADE SIMPLE SELF-TEACHING ENCYCLOPEDIA (Record no. 58401)

000 -LEADER
fixed length control field 00300nam a22001337a 4500
008 - FIXED-LENGTH DATA ELEMENTS--GENERAL INFORMATION
fixed length control field 221006b ||||| |||| 00| 0 eng d
041 ## - LANGUAGE CODE
Language code of text/sound track or separate title eng
080 ## - UNIVERSAL DECIMAL CLASSIFICATION NUMBER
Universal Decimal Classification number 030
082 ## - DEWEY DECIMAL CLASSIFICATION NUMBER
Classification number 030
100 ## - Rafti
Rafti 40.2
101 ## - Shkurtesa
Shkurtesa ENC
245 ## - TITLE STATEMENT
Title MADE SIMPLE SELF-TEACHING ENCYCLOPEDIA
Statement of responsibility, etc SPERLING A
942 ## - ADDED ENTRY ELEMENTS (KOHA)
Source of classification or shelving scheme
Item type Books
Holdings
Withdrawn status Lost status Source of classification or shelving scheme Damaged status Not for loan Collection code Permanent location Current location Date acquired Total Checkouts Full call number Barcode Date last seen Price effective from Koha item type
          Koleksioni i përgjithshem UBT - Lipjan UBT - Lipjan 10/06/2022   030 SPE 002-800028700143 10/06/2022 10/06/2022 Books
            UBT - Prishtine UBT - Prishtine 10/06/2022   030 HESS 002-800028700144 10/06/2022 10/06/2022 Books
            UBT - Prishtine UBT - Prishtine 10/06/2022   159.9 FRE 002-800028700145 10/06/2022 10/06/2022 Books
            UBT - Prishtine UBT - Prishtine 10/06/2022   94 EST 002-800028700146 10/06/2022 10/06/2022 Books
            UBT - Prishtine UBT - Prishtine 10/06/2022   330 JAC 002-800028700147 10/06/2022 10/06/2022 Books
            UBT - Prishtine UBT - Prishtine 10/06/2022   330JAC 002-800028700148 10/06/2022 10/06/2022 Books
UBT Library © 2015-2024. All rights reserved University Education for Business and Technology